Survey of historic costume : (Record no. 352497)
[ view plain ]
| 000 -LEADER | |
|---|---|
| fixed length control field | 00843 a2200253 4500 |
| 003 - CONTROL NUMBER IDENTIFIER | |
| control field | OSt |
| 005 - DATE AND TIME OF LATEST TRANSACTION | |
| control field | 20180116192337.0 |
| 008 - FIXED-LENGTH DATA ELEMENTS--GENERAL INFORMATION | |
| fixed length control field | 120524t xxu||||| |||| 00| 0 eng d |
| 010 ## - LIBRARY OF CONGRESS CONTROL NUMBER | |
| LC control number | 2005926652 |
| 020 ## - INTERNATIONAL STANDARD BOOK NUMBER | |
| International Standard Book Number | 1563673452 |
| 040 ## - CATALOGING SOURCE | |
| Transcribing agency | 0 |
| 082 00 - DEWEY DECIMAL CLASSIFICATION NUMBER | |
| Classification number | 391.009 |
| 100 1# - MAIN ENTRY--PERSONAL NAME | |
| Personal name | Tortora, Phyllis G. |
| 9 (RLIN) | 1859 |
| 245 10 - TITLE STATEMENT | |
| Title | Survey of historic costume : |
| Remainder of title | a history of Western dress / |
| Statement of responsibility, etc. | Phyllis G. Tortora, Keith Eubank. |
| 246 30 - VARYING FORM OF TITLE | |
| Title proper/short title | Historic costume |
| 250 ## - EDITION STATEMENT | |
| Edition statement | 4th ed. |
| 260 ## - PUBLICATION, DISTRIBUTION, ETC. | |
| Place of publication, distribution, etc. | New York : |
| Name of publisher, distributor, etc. | Fairchild Publications, |
| Date of publication, distribution, etc. | c2004. |
| 300 ## - PHYSICAL DESCRIPTION | |
| Extent | xxii, 585 p. : |
| Other physical details | ill. (some col.) ; |
| Dimensions | 29 cm. |
| 500 ## - GENERAL NOTE | |
| General note | Includes bibliographical refrences and index |
| 650 #0 - SUBJECT ADDED ENTRY--TOPICAL TERM | |
| Topical term or geographic name entry element | Clothing and dress |
| General subdivision | History. |
| 9 (RLIN) | 1860 |
| 700 1# - ADDED ENTRY--PERSONAL NAME | |
| Personal name | Eubank, Keith. |
| 9 (RLIN) | 1861 |
| 942 ## - ADDED ENTRY ELEMENTS (KOHA) | |
| Institution code [OBSOLETE] | SADA |
| Koha item type | Book |
| Call number prefix | 391.009 TOR 2004 |
| Source of classification or shelving scheme | |
| Withdrawn status | Lost status | Source of classification or shelving scheme | Damaged status | Not for loan | Permanent Location | Current Location | Date acquired | Total Checkouts | Full call number | Barcode | Date last seen | Cost, replacement price | Price effective from | Koha item type |
|---|---|---|---|---|---|---|---|---|---|---|---|---|---|---|
| School of Art Design and Architecture (SADA) | School of Art Design and Architecture (SADA) | 02/02/2011 | 391.009 TOR 2004 | SADA0000574 | 08/05/2011 | 6943.00 | 08/05/2011 | Book |
